00386nam a2200097Ia 4500008004100000040002900041050002700070100002500097245013200122260003400254230222s9999||||xx |||||||||||||| ||und|| cChuka University Library aTHE LB 2825 bN56 2015 aNjue, Eunice Kagendo 0aChallenges to effective management of secondary schools by board of governors in magumoni division of Meru South District,kenya aChuka UniversitybChukac2015